[Event "Asuncion CIT op"]
[Site "Asuncion"]
[Date "2023.08.13"]
[Round "2"]
[White "Britez, G Jorge A"]
[Black "Toniutti, Ezio"]
[Result "0-1"]
[WhiteElo "1745"]
[BlackElo "2182"]
[PlyCount "60"]
[EventDate "2023.08.12"]
[EventType "swiss"]
[EventRounds "9"]
[EventCountry "PAR"]
[SourceTitle "CBM 215 Extra"]
[Source "ChessBase"]
[SourceDate "2023.09.30"]
[SourceVersion "1"]
[SourceVersionDate "2023.09.30"]
[SourceQuality "1"]

1. e4 e5 2. Nf3 Nc6 3. Bc4 Nf6 4. Ng5 d5 5. exd5 Na5 6. Bb5+ c6 7. dxc6 bxc6 8. Bd3 Nd5 9. Nf3 Bd6 10. 0-0 Nf4 11. Re1 Nxd3 12. cxd3 0-0 13. b3 Re8 14. Bb2 f6 15. Nc3 Ba6 16. d4 exd4 17. Rxe8+ Qxe8 18. Nxd4 Qg6 19. Qf3 Qh6 20. g3 Qxd2 21. Na4 Re8 22. Bc3 Qg5 23. h4 Qe5 24. Nxc6 Qe6 25. Nxa5 Be2 26. Qc6 Rc8 27. Qb7 Qf5 28. Nc4 Rxc4 29. bxc4 Bf3 30. Qb1 Qh3 0-1

[Event "Asuncion CIT op"]
[Site "Asuncion"]
[Date "2023.08.13"]
[Round "3"]
[White "Munoz Orozco, Shirley Grace"]
[Black "Britez, G Jorge A"]
[Result "1/2-1/2"]
[WhiteElo "1369"]
[BlackElo "1745"]
[PlyCount "45"]
[EventDate "2023.08.12"]
[EventType "swiss"]
[EventRounds "9"]
[EventCountry "PAR"]
[SourceTitle "CBM 215 Extra"]
[Source "ChessBase"]
[SourceDate "2023.09.30"]
[SourceVersion "1"]
[SourceVersionDate "2023.09.30"]
[SourceQuality "1"]

1. e4 c6 2. d4 d5 3. Nd2 dxe4 4. Nxe4 Nd7 5. Nf3 Ngf6 6. Nxf6+ Nxf6 7. Be2 Bg4 8. h3 Bh5 9. Bf4 e6 10. 0-0 Bd6 11. Bxd6 Qxd6 12. c3 0-0 13. Qc2 c5 14. Rad1 Rfd8 15. Rfe1 Rac8 16. dxc5 Qxc5 17. Qb3 Ne4 18. Nd4 Bxe2 19. Rxe2 Nf6 20. Red2 Ne4 21. Re2 Nf6 22. Red2 Ne4 23. Re2 1/2-1/2

[Event "Ciudad del Este op 1st"]
[Site "Ciudad del Este"]
[Date "2023.07.21"]
[Round "3"]
[White "Britez, G Jorge A"]
[Black "Torres Caballero, Sofia Anabela"]
[Result "1-0"]
[WhiteElo "1730"]
[BlackElo "1194"]
[PlyCount "65"]
[EventDate "2023.07.20"]
[EventType "swiss"]
[EventRounds "7"]
[EventCountry "PAR"]
[SourceTitle "EXT 2024"]
[Source "ChessBase"]
[SourceDate "2023.10.10"]
[SourceVersion "1"]
[SourceVersionDate "2023.10.10"]
[SourceQuality "1"]

1. e4 c5 2. Nf3 Nc6 3. d4 cxd4 4. Nxd4 Nf6 5. Nc3 e5 6. Ndb5 d6 7. Bg5 a6 8. Na3 b5 9. Bxf6 gxf6 10. Nd5 Bg7 11. Bd3 Be6 12. 0-0 f5 13. Qh5 f4 14. c4 b4 15. Nc2 Rb8 16. b3 a5 17. a3 h6 18. axb4 axb4 19. Ra4 Qg5 20. Qxg5 hxg5 21. Ndxb4 Nxb4 22. Rxb4 Rd8 23. f3 g4 24. Be2 f5 25. Rb7 Bf6 26. Nb4 g3 27. exf5 Bxf5 28. Nd5 Bg5 29. Rg7 Bh4 30. Ra1 gxh2+ 31. Kh1 Bd7 32. Ra7 Rf8 33. Nc7# 1-0

[Event "Asuncion Fernando Memorial"]
[Site "Asuncion"]
[Date "2021.08.29"]
[Round "6"]
[White "Pereira, Fabian"]
[Black "Britez, G Jorge A"]
[Result "1/2-1/2"]
[WhiteElo "2059"]
[BlackElo "1711"]
[PlyCount "74"]
[EventDate "2021.08.27"]
[EventType "swiss"]
[EventRounds "7"]
[EventCountry "PAR"]
[SourceTitle "EXT 2022"]
[Source "ChessBase"]
[SourceDate "2021.10.06"]
[SourceVersion "1"]
[SourceVersionDate "2021.10.06"]
[SourceQuality "1"]

1. e4 c6 2. Ne2 d5 3. e5 Bf5 4. Ng3 e6 5. Nxf5 exf5 6. d4 Na6 7. Bd3 g6 8. c3 Nc7 9. g4 fxg4 10. Qxg4 Qd7 11. h3 Nh6 12. Qxd7+ Kxd7 13. Be3 Ne6 14. Nd2 Nf5 15. 0-0-0 Be7 16. Nf1 f6 17. Bd2 fxe5 18. dxe5 Rhf8 19. c4 d4 20. Rh2 c5 21. Ng3 Nxg3 22. fxg3 Rab8 23. Be4 Rf7 24. h4 b6 25. Kb1 Rbf8 26. h5 g5 27. g4 h6 28. Bf5 Bd8 29. Re1 Ke7 30. Rhe2 Bc7 31. b4 Ng7 32. Bg6 Rf1 33. Kc2 Rxe1 34. Bxe1 Ne6 35. Bd2 Nf4 36. Bxf4 Rxf4 37. Bf5 Rf3 1/2-1/2

[Event "Asuncion Fernando Memorial"]
[Site "Asuncion"]
[Date "2021.08.28"]
[Round "3"]
[White "Britez, G Jorge A"]
[Black "Arrua Maldonado, Mathias David"]
[Result "0-1"]
[WhiteElo "1711"]
[BlackElo "1563"]
[PlyCount "122"]
[EventDate "2021.08.27"]
[EventType "swiss"]
[EventRounds "7"]
[EventCountry "PAR"]
[SourceTitle "EXT 2022"]
[Source "ChessBase"]
[SourceDate "2021.10.06"]
[SourceVersion "1"]
[SourceVersionDate "2021.10.06"]
[SourceQuality "1"]

1. c4 Nf6 2. Nc3 g6 3. Nf3 Bg7 4. d4 0-0 5. e4 d6 6. h3 e5 7. Be3 Nbd7 8. Bd3 Qe7 9. 0-0 exd4 10. Nxd4 Nc5 11. Bc2 Ncxe4 12. Re1 Nxc3 13. bxc3 Re8 14. Qd2 Qf8 15. Nb5 Re7 16. Nxa7 Be6 17. Rab1 b6 18. Nc6 Ree8 19. Bd4 Rxa2 20. Nb4 Ra5 21. Re3 Bxc4 22. Rbe1 Rxe3 23. Rxe3 Ra1+ 24. Kh2 c5 25. Bxf6 Bxf6 26. Nd5 Bxd5 27. Qxd5 Be5+ 28. g3 Qa8 29. Qxa8+ Rxa8 30. c4 Bd4 31. Re2 Ra3 32. Be4 Kg7 33. Bd5 Rb3 34. Re7 b5 35. Rxf7+ Kh6 36. cxb5 Rxb5 37. Kg2 Rb2 38. h4 Rd2 39. Be4 d5 40. Bb1 Rb2 41. Bd3 c4 42. Bf1 c3 43. g4 Rxf2+ 44. Rxf2 Bxf2 45. Bd3 Bxh4 46. Kf3 Kg5 47. Bc2 Be1 48. Bd3 Kf6 49. Ke3 Ke5 50. Bc2 Bd2+ 51. Kf3 Kd4 52. Bb1 Bg5 53. Bc2 Kc4 54. Ke2 d4 55. Bb1 Be3 56. Bc2 Kb4 57. Kd3 Ka3 58. Bd1 Kb2 59. Bc2 h5 60. gxh5 gxh5 61. Bd1 h4 0-1

[Event "Asuncion Fernando Memorial"]
[Site "Asuncion"]
[Date "2021.08.27"]
[Round "1"]
[White "Britez, G Jorge A"]
[Black "Ferreira, Eduardo Rafael"]
[Result "1-0"]
[WhiteElo "1711"]
[BlackElo "1598"]
[PlyCount "59"]
[EventDate "2021.08.27"]
[EventType "swiss"]
[EventRounds "7"]
[EventCountry "PAR"]
[SourceTitle "EXT 2022"]
[Source "ChessBase"]
[SourceDate "2021.10.06"]
[SourceVersion "1"]
[SourceVersionDate "2021.10.06"]
[SourceQuality "1"]

1. e4 e5 2. Nf3 Nc6 3. Bc4 Nf6 4. Ng5 d5 5. exd5 Na5 6. Bb5+ c6 7. dxc6 bxc6 8. Bd3 Bg4 9. Be2 Qd5 10. 0-0 Bxe2 11. Qxe2 Bd6 12. Nc3 Qd4 13. Re1 0-0 14. d3 Qb6 15. Be3 Qc7 16. Nce4 Nxe4 17. Nxe4 Nb7 18. Rad1 Be7 19. d4 f5 20. Nc5 Nxc5 21. dxc5 Kh8 22. Bf4 Bxc5 23. Bxe5 Qb6 24. Rd7 Rg8 25. Bc3 Raf8 26. Rxg7 Rxg7 27. Qe5 Bxf2+ 28. Kh1 Qb7 29. Qxf5 Qf7 30. Qxf7 1-0

[Event "Villarrica op 1st"]
[Site "Villarrica"]
[Date "2021.03.01"]
[Round "6"]
[White "Contrera Noguera, Pablo David"]
[Black "Britez, G Jorge A"]
[Result "1/2-1/2"]
[WhiteElo "1513"]
[BlackElo "1749"]
[PlyCount "49"]
[EventDate "2021.02.27"]
[EventType "swiss"]
[EventRounds "7"]
[EventCountry "PAR"]
[SourceTitle "EXT 2022"]
[Source "ChessBase"]
[SourceDate "2021.10.06"]
[SourceVersion "1"]
[SourceVersionDate "2021.10.06"]
[SourceQuality "1"]

1. Nf3 Nf6 2. d4 g6 3. Bf4 Bg7 4. e3 d6 5. Be2 Nfd7 6. h3 e5 7. Bh2 e4 8. Nfd2 f5 9. c4 0-0 10. Nc3 Nc6 11. 0-0 Nf6 12. f3 exf3 13. Nxf3 Re8 14. Qd2 Qe7 15. d5 Nb8 16. Kf2 Na6 17. Bd3 Nc5 18. Rae1 a5 19. Qc2 Bd7 20. Nd2 Nfe4+ 21. Bxe4 Nxe4+ 22. Ndxe4 fxe4 23. Kg1 b6 24. Rf4 Bxc3 25. Qxc3 1/2-1/2

[Event "PAR-ch sf"]
[Site "Asuncion"]
[Date "2019.09.07"]
[Round "2"]
[White "Diaz, Fernando"]
[Black "Britez, G Jorge A"]
[Result "1-0"]
[WhiteElo "2112"]
[BlackElo "1808"]
[PlyCount "61"]
[EventDate "2019.09.06"]
[EventType "swiss"]
[EventRounds "9"]
[EventCountry "PAR"]
[SourceTitle "EXT 2020"]
[Source "ChessBase"]
[SourceDate "2019.10.17"]
[SourceVersion "1"]
[SourceVersionDate "2019.10.17"]
[SourceQuality "1"]

1. e4 c5 2. Nf3 e6 3. c3 Nf6 4. e5 Nd5 5. d4 cxd4 6. cxd4 d6 7. a3 Bd7 8. Bd3 Bc6 9. 0-0 Nd7 10. b4 a6 11. Bd2 Be7 12. Nc3 Nxc3 13. Bxc3 Rc8 14. Rc1 0-0 15. Qe2 Nb6 16. Bd2 Qd7 17. exd6 Qxd6 18. Ne5 Bd5 19. Qh5 g6 20. Qh3 Rxc1 21. Rxc1 Rc8 22. Rxc8+ Nxc8 23. Nxf7 Kxf7 24. Qxh7+ Ke8 25. Bxg6+ Kd7 26. Qf7 Bc6 27. Bf4 e5 28. Bxe5 Qd5 29. Qe8+ Ke6 30. Qxc8+ Bd7 31. Qg8# 1-0

[Event "Ponta Pora-ch"]
[Site "Ponta Pora"]
[Date "2019.07.20"]
[Round "2"]
[White "Britez, G Jorge A"]
[Black "Felicio, Leonardo Demetrio"]
[Result "1-0"]
[WhiteElo "1792"]
[BlackElo "1927"]
[PlyCount "93"]
[EventDate "2019.07.19"]
[EventType "swiss"]
[EventRounds "5"]
[EventCountry "BRA"]
[SourceTitle "EXT 2020"]
[Source "ChessBase"]
[SourceDate "2019.10.17"]
[SourceVersion "1"]
[SourceVersionDate "2019.10.17"]
[SourceQuality "1"]

1. e4 c5 2. Nf3 g6 3. c3 Bg7 4. d4 d5 5. dxc5 dxe4 6. Qxd8+ Kxd8 7. Ng5 Ke8 8. Nxe4 Nf6 9. Nxf6+ Bxf6 10. Na3 a6 11. Nc4 Bf5 12. Nb6 Ra7 13. Bh6 Nd7 14. Nd5 Be5 15. f4 e6 16. Nb6 Bc7 17. Nc8 Ra8 18. Nd6+ Bxd6 19. cxd6 f6 20. 0-0-0 Kf7 21. Bd3 Bxd3 22. Rxd3 Nc5 23. Rd4 Rhd8 24. Rhd1 Rac8 25. g4 a5 26. Kb1 b5 27. h4 Rd7 28. f5 gxf5 29. gxf5 Rg8 30. fxe6+ Nxe6 31. Rd5 Rb8 32. Be3 b4 33. c4 a4 34. c5 Nd8 35. Rh5 Kf8 36. Bh6+ Kf7 37. Rg1 Ne6 38. Be3 Kf8 39. Rd5 Rc8 40. Rf5 Rf7 41. Bh6+ Ke8 42. Rg8+ Kd7 43. Rxc8 Kxc8 44. c6 b3 45. Ra5 bxa2+ 46. Kxa2 Kb8 47. c7+ 1-0

[Event "Florianopolis op 5th"]
[Site "Florianopolis"]
[Date "2019.01.26"]
[Round "9"]
[White "Moreira, Ronaldo Alonso"]
[Black "Britez, G Jorge A"]
[Result "1-0"]
[WhiteElo "2043"]
[BlackElo "1812"]
[PlyCount "79"]
[EventDate "2019.01.21"]
[EventType "swiss"]
[EventRounds "10"]
[EventCountry "BRA"]
[SourceTitle "CBM 188 Extra"]
[Source "ChessBase"]
[SourceDate "2019.02.26"]
[SourceVersion "1"]
[SourceVersionDate "2019.02.26"]
[SourceQuality "1"]

1. d4 Nf6 2. Bg5 g6 3. Bxf6 exf6 4. c4 Bg7 5. Nc3 f5 6. g3 0-0 7. Bg2 d6 8. e3 c6 9. Nge2 Nd7 10. 0-0 Nf6 11. b4 Be6 12. Qd3 Rc8 13. Rfc1 d5 14. c5 a6 15. a4 Ra8 16. Rd1 Ne4 17. b5 axb5 18. axb5 Ra5 19. bxc6 bxc6 20. f3 Nxc3 21. Qxc3 Rxa1 22. Rxa1 Qc7 23. Qa5 Rc8 24. Qxc7 Rxc7 25. Ra8+ Bf8 26. Kf2 Kg7 27. Nf4 Be7 28. Bf1 g5 29. Nd3 Bf6 30. Nb4 f4 31. Ra6 Bd7 32. Rb6 fxe3+ 33. Kxe3 Bd8 34. Ba6 Ra7 35. Rb7 Rxb7 36. Bxb7 Ba5 37. Nxc6 Bxc6 38. Bxc6 Kf8 39. Bxd5 Ke7 40. Ke4 1-0

[Event "Asuncion Avanza Cup"]
[Site "Asuncion"]
[Date "2018.12.09"]
[Round "7"]
[White "Cantero, Rodolfo"]
[Black "Britez, G Jorge A"]
[Result "1-0"]
[WhiteElo "2045"]
[BlackElo "1820"]
[PlyCount "125"]
[EventDate "2018.12.07"]
[EventType "swiss"]
[EventRounds "7"]
[EventCountry "PAR"]
[SourceTitle "CBM 187 Extra"]
[Source "ChessBase"]
[SourceDate "2018.11.04"]
[SourceVersion "1"]
[SourceVersionDate "2018.11.04"]
[SourceQuality "1"]

1. Nf3 Nf6 2. g3 g6 3. Bg2 Bg7 4. 0-0 0-0 5. d4 d5 6. c4 c6 7. cxd5 cxd5 8. Ne5 Nfd7 9. f4 Nxe5 10. fxe5 Nc6 11. Nc3 e6 12. Be3 f6 13. exf6 Rxf6 14. Qd2 Bd7 15. Kh1 Qe7 16. Bg1 Rxf1 17. Rxf1 Rf8 18. Rxf8+ Qxf8 19. e4 dxe4 20. Nxe4 Qb4 21. Qxb4 Nxb4 22. Nc5 Bc8 23. a3 Nc6 24. d5 exd5 25. Bxd5+ Kf8 26. Be6 Bxe6 27. Nxe6+ Kf7 28. Nxg7 Kxg7 29. Kg2 Kf6 30. Kf3 a6 31. Ke4 Ke6 32. h3 h5 33. Be3 Ne7 34. Bd2 Nc6 35. Bf4 Ne7 36. Kd4 Nd5 37. Bb8 Nf6 38. b3 Nd7 39. Bf4 Nf6 40. b4 Nd7 41. Bc1 Kd6 42. Ke4 Ke6 43. Bb2 Nb6 44. Kf4 Nc4 45. Bc1 b5 46. Ke4 Kd6 47. Kd4 Kc6 48. h4 Kd6 49. Bf4+ Kc6 50. Bc1 Kd6 51. a4 Kc6 52. a5 Kd6 53. Bf4+ Kc6 54. Bh6 Nb2 55. Bf8 Nc4 56. Ke4 Nd6+ 57. Bxd6 Kxd6 58. Kd4 Ke6 59. Kc5 Ke5 60. Kb6 Kd6 61. Kxa6 Kc6 62. Ka7 Kc7 63. a6 1-0

[Event "PAR-ch qual5"]
[Site "Asuncion"]
[Date "2018.07.08"]
[Round "5"]
[White "Britez, G Jorge A"]
[Black "Vargas, Gabriela"]
[Result "1/2-1/2"]
[WhiteElo "1784"]
[BlackElo "2123"]
[PlyCount "80"]
[EventDate "2018.07.06"]
[EventType "swiss"]
[EventRounds "7"]
[EventCountry "PAR"]
[SourceTitle "EXT 2019"]
[Source "ChessBase"]
[SourceDate "2018.10.10"]
[SourceVersion "1"]
[SourceVersionDate "2018.10.10"]
[SourceQuality "1"]

1. e4 e6 2. d4 d5 3. Nd2 h6 4. c3 Nf6 5. Bd3 c5 6. e5 Nfd7 7. Ne2 Nc6 8. f4 Qb6 9. Nf3 cxd4 10. cxd4 Bb4+ 11. Bd2 g5 12. Bc3 g4 13. Nd2 f5 14. Qb3 Bxc3 15. bxc3 Qxb3 16. axb3 Rg8 17. b4 Kf7 18. Nb3 h5 19. Kd2 Nb6 20. Ra2 Nc4+ 21. Bxc4 dxc4 22. Na5 Nxa5 23. Rxa5 b6 24. Ra2 Bb7 25. Rg1 b5 26. Ng3 a6 27. Nf1 h4 28. Ne3 g3 29. h3 Rgd8 30. Rga1 Ke7 31. Ra5 Kd7 32. Ke1 Kc7 33. R1a2 Kb6 34. Kf1 Be4 35. Nc2 Rdc8 36. Ne1 Bb1 37. Rd2 Be4 38. Ke2 Rd8 39. Nf3 Bxf3+ 40. Kxf3 Rd5 1/2-1/2

[Event "PAR-ch qual5"]
[Site "Asuncion"]
[Date "2018.07.07"]
[Round "2"]
[White "Britez, G Jorge A"]
[Black "Frutos Moreno, Carlos Manuel"]
[Result "1-0"]
[WhiteElo "1784"]
[BlackElo "1239"]
[PlyCount "46"]
[EventDate "2018.07.06"]
[EventType "swiss"]
[EventRounds "7"]
[EventCountry "PAR"]
[SourceTitle "EXT 2019"]
[Source "ChessBase"]
[SourceDate "2018.10.10"]
[SourceVersion "1"]
[SourceVersionDate "2018.10.10"]
[SourceQuality "1"]

1. e4 d6 2. d4 Nf6 3. Nc3 g6 4. h3 Bg7 5. Be3 Nc6 6. Qd2 e5 7. Nf3 0-0 8. 0-0-0 exd4 9. Nxd4 Nxd4 10. Bxd4 Re8 11. Bd3 Bd7 12. Kb1 Bc6 13. Rhe1 Qe7 14. f4 a6 15. g4 b5 16. g5 b4 17. gxf6 bxc3 18. Qxc3 Bxf6 19. Bxf6 Qe6 20. Bh8 Kf8 21. Qxc6 Qxh3 22. Qxc7 Rec8 23. Qxd6+ Kg8 1-0

[Event "Brazil Foz do Iguacu op"]
[Site "Foz do Iguacu"]
[Date "2018.05.19"]
[Round "7"]
[White "Urquiza, Marcello de Albuque"]
[Black "Britez, G Jorge A"]
[Result "1-0"]
[WhiteElo "2092"]
[BlackElo "1767"]
[PlyCount "93"]
[EventDate "2018.05.16"]
[EventType "swiss"]
[EventRounds "9"]
[EventCountry "BRA"]
[SourceTitle "CBM 184 Extra"]
[Source "ChessBase"]
[SourceDate "2018.06.28"]
[SourceVersion "1"]
[SourceVersionDate "2018.06.28"]
[SourceQuality "1"]

1. e4 c5 2. Nf3 e6 3. d4 cxd4 4. Nxd4 Nf6 5. Bd3 Nc6 6. Nb3 d5 7. exd5 exd5 8. 0-0 Be7 9. c3 0-0 10. h3 Be6 11. Be3 b6 12. N1d2 Ne5 13. Nf3 Nxd3 14. Qxd3 h6 15. Bf4 Bd6 16. Bxd6 Qxd6 17. Rfd1 Qf4 18. Qd4 Qxd4 19. Nbxd4 Rfe8 20. Nd2 Rac8 21. Nf1 Ne4 22. Ne3 Nd6 23. Rd2 Nc4 24. Re2 Nxe3 25. Rxe3 Bd7 26. Rd3 Re7 27. Rd2 Rce8 28. Nc2 Re2 29. Rad1 Rxd2 30. Rxd2 Be6 31. Ne3 d4 32. Rxd4 Bxa2 33. Ra4 Be6 34. Rxa7 Rd8 35. Rb7 Rd6 36. Kf1 f5 37. f4 g5 38. g3 gxf4 39. gxf4 Bd7 40. Ke2 Kf7 41. Nxf5 Re6+ 42. Kf2 Kf6 43. Nxh6 Rd6 44. Ng4+ Kf5 45. Ke3 Re6+ 46. Ne5 Bb5 47. Rf7+ 1-0

[Event "Brazil Foz do Iguacu op"]
[Site "Foz do Iguacu"]
[Date "2018.05.17"]
[Round "4"]
[White "Guerrero, Alvaro"]
[Black "Britez, G Jorge A"]
[Result "0-1"]
[WhiteElo "2137"]
[BlackElo "1767"]
[PlyCount "43"]
[EventDate "2018.05.16"]
[EventType "swiss"]
[EventRounds "9"]
[EventCountry "BRA"]
[SourceTitle "CBM 184 Extra"]
[Source "ChessBase"]
[SourceDate "2018.06.28"]
[SourceVersion "1"]
[SourceVersionDate "2018.06.28"]
[SourceQuality "1"]

1. d4 Nf6 2. c4 g6 3. Nc3 d5 4. cxd5 Nxd5 5. e4 Nxc3 6. bxc3 Bg7 7. Bc4 c5 8. Ne2 Nc6 9. Be3 0-0 10. 0-0 Bg4 11. f3 Na5 12. Bd3 cxd4 13. Nxd4 Be6 14. Qa4 a6 15. Rac1 b5 16. Qc2 Re8 17. Qd2 Nc4 18. Bxc4 Bxc4 19. Rfd1 e6 20. Nc6 Qd6 21. e5 Qd7 22. Rc2 0-1

[Event "PAR-ch sf"]
[Site "Asuncion"]
[Date "2017.08.15"]
[Round "7"]
[White "Saucedo, Moises"]
[Black "Britez, G Jorge A"]
[Result "1/2-1/2"]
[WhiteElo "1719"]
[BlackElo "1814"]
[PlyCount "61"]
[EventDate "2017.08.11"]
[EventType "swiss"]
[EventRounds "9"]
[EventCountry "PAR"]
[SourceTitle "CBM 180 Extra"]
[Source "ChessBase"]
[SourceDate "2017.10.06"]
[SourceVersion "1"]
[SourceVersionDate "2017.10.06"]
[SourceQuality "1"]

1. Nf3 Nf6 2. g3 g6 3. Bg2 Bg7 4. 0-0 0-0 5. c4 d5 6. d3 c5 7. Qc2 b6 8. cxd5 Nxd5 9. Nc3 Bb7 10. a3 Nc6 11. Nxd5 Qxd5 12. Nd2 Qd7 13. Nf3 Rac8 14. Qa4 Rfd8 15. Re1 Nd4 16. Qxd7 Nxf3+ 17. Bxf3 Rxd7 18. Bxb7 Rxb7 19. Rb1 c4 20. dxc4 Rxc4 21. Rd1 b5 22. b3 Rc2 23. Rd2 Rbc7 24. Rxc2 Rxc2 25. Kf1 Bc3 26. Bg5 f6 27. Rc1 Rxc1+ 28. Bxc1 Kf7 29. e4 Ke6 30. Ke2 Kd6 31. Kd3 1/2-1/2